000 00627nam a2200193 4500
003 OSt
005 20160413183948.0
008 160413b xxu||||| |||| 00| 0 eng d
020 _a0821351508
040 _c040a
082 _a338.9
_bSUS 2003
100 _aThe World Bank
_96272
245 _aSustainable development in a dynamic World:
_btransforming institutions, growth and quality of life /
_cThe world bank
260 _aNew York
_bOxford Unviersity Press
_c2003
300 _axxi, 250p;
_bCol.ill ;
_c15 cm
504 _aIncludes bibliographical references
650 _aSustainable development
_91103
942 _2ddc
_cSLOAN
999 _c3517
_d3517